[Event "BDO Premier"]
[Site "Haarlem NED"]
[Date "2009.08.20"]
[Round "6"]
[White "Khenkin,I"]
[Black "Solleveld,Maa"]
[Result "1-0"]
[WhiteElo "2634"]
[BlackElo "2485"]

1.d4 Nf6 2.c4 e6 3.Nc3 Bb4 4.f3 d5 5.a3 Bxc3+ 6.bxc3 c5 7.cxd5 Nxd5 8.dxc5 f5
9.Qc2 O-O 10.e4 fxe4 11.fxe4 Nf4 12.Be3 Nd7 13.Qd2 Qf6 14.Nf3 Ne5 15.Nxe5 Qxe5
16.Qd4 Qh5 17.Bxf4 Rxf4 18.Be2 Qe8 19.O-O-O e5 20.Bc4+ Be6 21.Qxe5 Rf6 22.Bd5 Kh8
23.Rhf1 Rxf1 24.Rxf1 Qb5 25.Rf3 Bg8 26.Qd4 Bxd5 27.exd5 Re8 28.c4 Qa4 29.Qc3 Qd7
30.Re3 Rf8 31.Rf3 Re8 32.Re3 Rf8 33.d6 Qg4 34.Rf3 Re8 35.Rg3 Qf4+ 36.Kb2 Rg8
37.d7 Qf7 38.Qd4 Rd8 39.Rf3 Qg6 40.Qh4 Qxg2+ 41.Rf2  1-0

[Event "Open"]
[Site "Bratto ITA"]
[Date "2009.08.24"]
[Round "4"]
[White "Genocchio,D"]
[Black "Sax,G"]
[Result "1-0"]
[WhiteElo "2455"]
[BlackElo "2524"]

1.d4 Nf6 2.c4 e6 3.Nc3 Bb4 4.f3 c5 5.d5 d6 6.e4 O-O 7.Ne2 exd5 8.cxd5 b5
9.Ng3 Qb6 10.Be3 Nbd7 11.a3 Bxc3+ 12.bxc3 Ne5 13.Be2 Qa5 14.Qd2 Re8 15.O-O h6
16.Rfb1 Nc4 17.Bxc4 bxc4 18.Bf4 Rd8 19.Nf1 Qa4 20.Rb2 Nh5 21.Be3 Nf6 22.Ng3 Qe8
23.Bf4 Nh7 24.Re1 f6 25.Nf1 Nf8 26.Ne3 Qa4 27.Reb1 Ng6 28.Bg3 Ne7 29.Rb8 Rxb8
30.Rxb8 Qxa3 31.Nxc4 Qa6 32.Ne3 Qa5 33.h3 Qc7 34.Rb1 Qa5 35.Qb2 Qc7 36.Nc4 a5
37.Qb8 Qd7 38.Qxd6 Qe8 39.Qxc5 a4 40.Qa3  1-0

[Event "XXI Festival Open A"]
[Site "Porto San Giorgio ITA"]
[Date "2009.08.24"]
[Round "4"]
[White "Gianfelici,E"]
[Black "Lantini,M"]
[Result "1/2-1/2"]
[WhiteElo "2002"]
[BlackElo "2194"]

1.d4 Nf6 2.c4 e6 3.Nc3 Bb4 4.f3 O-O 5.e4 Ne8 6.Be3 d5 7.Bd3 c5 8.exd5 exd5
9.cxd5 Nf6 10.Ne2 Nxd5 11.Bf2 cxd4 12.Bxd4 Nc6 13.Bf2 Qg5 14.Qc2 g6 15.O-O Ne3
16.Bxe3 Qxe3+ 17.Kh1 Bd6 18.a3 Nd4 19.Nxd4 Qxd4 20.Nb5 Qc5 21.Nxd6 Qxd6 22.Rad1 Qb6  1/2-1/2

[Event "2nd Bolivar Open"]
[Site "Buenos Aires ARG"]
[Date "2009.08.27"]
[Round "4"]
[White "Guerrero,Alv"]
[Black "Slipak,S"]
[Result "1-0"]
[WhiteElo "2257"]
[BlackElo "2452"]

1.d4 Nf6 2.c4 e6 3.Nc3 Bb4 4.f3 c5 5.d5 Nh5 6.Nh3 d6 7.e4 exd5 8.Qxd5 Bxh3
9.gxh3 Qh4+ 10.Kd1 Nc6 11.Qg5 Qxg5 12.Bxg5 Bxc3 13.bxc3 Ne5 14.Be3 Ng6 15.Rb1 b6
16.Rg1 O-O 17.Rb2 f5 18.exf5 Rxf5 19.Bd3 Rxf3 20.Be4 Rxe3 21.Bxa8 Nhf4 22.Rg3 Re8
23.Bc6 Re7 24.Rd2 Ne5 25.Rxd6 Nxc4 26.Rd8+ Kf7 27.Rf3 Ne3+ 28.Kd2 Nc4+ 29.Kc1 Re1+
30.Rd1 Rxd1+ 31.Kxd1 Nb2+ 32.Kd2 Nd3 33.Rxd3 Nxd3 34.Kxd3 Ke6 35.Ke4 Kd6
36.Bb5 Ke6 37.a4  1-0

[Event "XXVI Open A"]
[Site "Collado Villalba ESP"]
[Date "2009.08.28"]
[Round "8"]
[White "Guisado Gomez,F"]
[Black "Cano Mercado,F"]
[Result "0-1"]
[WhiteElo "1799"]
[BlackElo "1920"]

1.d4 Nf6 2.c4 e6 3.Nc3 Bb4 4.f3 O-O 5.e4 c5 6.d5 exd5 7.cxd5 d6 8.Ne2 Nbd7
9.Ng3 Ne5 10.Be2 Re8 11.O-O a6 12.a3 Ba5 13.Bg5 h6 14.Be3 b5 15.b4 cxb4 16.axb4 Bb6
17.Bd4 Bb7 18.Kh1 Rc8 19.Nf5 Nc4 20.Bxc4 Rxc4 21.g4 Bxd4 22.Nxd4 Rxc3 23.g5 hxg5
24.Qd2 Rc4 25.Rg1 Re5 26.Nf5 Rxf5 27.exf5 Bxd5 28.Rxg5 Bxf3+ 29.Kg1 Ne4 30.Rxg7+ Kxg7  0-1

[Event "XIX EYCC Boys U18"]
[Site "Fermo ITA"]
[Date "2009.08.31"]
[Round "1"]
[White "Filippas,S"]
[Black "Salgado Lopez,I"]
[Result "1-0"]
[WhiteElo "2224"]
[BlackElo "2558"]

1.d4 Nf6 2.c4 e6 3.Nc3 Bb4 4.f3 O-O 5.a3 Bxc3+ 6.bxc3 Ne8 7.e4 b6 8.Bd3 Ba6
9.Ne2 Nc6 10.Be3 Na5 11.c5 Nc4 12.Bc1 Qc8 13.O-O bxc5 14.dxc5 Rb8 15.Ng3 d6
16.Qe2 d5 17.f4 Qd8 18.f5 Qe7 19.Kh1 Qxc5 20.exd5 exf5 21.Nxf5 Kh8 22.Rf4 Ned6
23.Ne7 f5 24.Rh4 Ne4 25.Rxh7+  1-0

[Event "ch-RUS HL"]
[Site "Ulan Ude RUS"]
[Date "2009.09.04"]
[Round "3"]
[White "Volkov,Sergey1"]
[Black "Shaposhnikov,E"]
[Result "1-0"]
[WhiteElo "2616"]
[BlackElo "2545"]

1.d4 Nf6 2.c4 e6 3.Nc3 Bb4 4.f3 d5 5.a3 Bd6 6.e4 c5 7.dxc5 Bxc5 8.cxd5 O-O
9.dxe6 Qe7 10.b4 Bb6 11.Na4 Rd8 12.exf7+ Kf8 13.Qc2 Bd4 14.Bb2 Nc6 15.Ne2 Be3
16.Bc1 Nd4 17.Nxd4 Bxd4 18.Bb2 Be3 19.Bd3 Nh5 20.g3 Nf4 21.gxf4 Qh4+ 22.Kd1 Bg4
23.Rf1 Rxd3+ 24.Qxd3 Rd8 25.Ke2 Qxh2+ 26.Kxe3 Rxd3+ 27.Kxd3 Bd7 28.Ke3 Bxa4
29.Rf2 Qh3 30.Rc1 Qe6 31.Rg2 g6 32.f5 Qxf7 33.Rc8+ Be8 34.Rd2 gxf5 35.Rdd8 f4+
36.Kd4 Qf6+ 37.e5 Qb6+ 38.Ke4 Qg6+ 39.Kxf4 Qh6+ 40.Ke4 Qg6+ 41.Kd4 Qb6+ 42.Kd3 Qb5+
43.Ke4  1-0

[Event "XIX EYCC Boys U16"]
[Site "Fermo ITA"]
[Date "2009.09.08"]
[Round "8"]
[White "Meskovs,N"]
[Black "Stella,A"]
[Result "0-1"]
[WhiteElo "2221"]
[BlackElo "2301"]

1.d4 Nf6 2.c4 e6 3.Nc3 Bb4 4.f3 Nc6 5.a3 Bxc3+ 6.bxc3 b6 7.Bg5 Ba6 8.Qa4 Na5
9.e4 h6 10.Bh4 Qc8 11.Bd3 Qb7 12.e5 Nd5 13.Ne2 Bxc4 14.Bxc4 Nxc4 15.Bf2 b5
16.Qb3 O-O 17.Ra2 d6 18.exd6 cxd6 19.O-O Rfc8 20.Rb1 Qc7 21.a4 bxa4 22.Qxa4 Ncb6
23.Qa5 Nxc3 24.Nxc3 Qxc3 25.Qxc3 Rxc3 26.Be1 Rcc8 27.Ra6 Nd5 28.Bg3 Nc3 29.Rb2 Rab8
30.Rxb8 Rxb8 31.Rxa7 Ne2+ 32.Kf2 Nxd4 33.Bxd6 Rb2+ 34.Kg1 Nf5 35.Be5 Rc2
36.g4 Ne3 37.Bf4 Rg2+ 38.Kh1 Re2 39.Bxe3 Rxe3 40.Kg2 h5 41.gxh5 Re5 42.Ra8+ Kh7
43.Rf8 f6 44.Re8 Rg5+ 45.Kf2 e5 46.h4 Rxh5 47.Re7 Rf5 48.Kg3 Kg6 49.Kg4 Rf4+
50.Kg3 Ra4 51.Kh3 Ra3 52.Kg3 Ra1 53.Kf2 Rh1 54.Kg3 Kf5 55.Kf2 Kf4 56.Rxg7 Rh2+
57.Rg2 Rxh4 58.Ke2 f5 59.Rf2 Rh1  0-1

[Event "XIX EYCC Boys U18"]
[Site "Fermo ITA"]
[Date "2009.09.09"]
[Round "9"]
[White "Filippas,S"]
[Black "Prohaszka,P2"]
[Result "0-1"]
[WhiteElo "2224"]
[BlackElo "2508"]

1.d4 Nf6 2.c4 e6 3.Nc3 Bb4 4.f3 d5 5.a3 Be7 6.e4 dxe4 7.fxe4 e5 8.d5 Bc5
9.Nf3 Bg4 10.Bd3 Nbd7 11.h3 Bxf3 12.Qxf3 c6 13.Be3 O-O 14.Bf2 Bd4 15.O-O Bxc3
16.bxc3 Qc7 17.Rab1 Ne8 18.Kh1 b6 19.Be3 Nd6 20.Qg4 Kh8 21.Rf3 f5 22.Qh4 cxd5
23.cxd5 Nf6 24.Rbf1 Rae8 25.Bg5 Kg8 26.Bxf6 Rxf6 27.Rg3 Kh8 28.exf5 e4 29.Bc2 Nxf5
30.Rxf5 Rxf5 31.Bxe4 Rf1+ 32.Kh2 h6 33.Bd3 Rd1 34.d6 Ree1  0-1

[Event "TCh-NED 2009-10"]
[Site "Netherlands NED"]
[Date "2009.09.26"]
[Round "1"]
[White "Wiersma,E"]
[Black "Jens,J"]
[Result "1/2-1/2"]
[WhiteElo "2411"]
[BlackElo "2366"]

1.d4 Nf6 2.c4 e6 3.Nc3 Bb4 4.f3 d5 5.a3 Bxc3+ 6.bxc3 c6 7.e4 dxe4 8.fxe4 e5
9.Nf3 Bg4 10.Qd3 Nbd7 11.Be2 Qe7 12.O-O exd4 13.cxd4 Nxe4 14.a4 O-O 15.Ba3 c5
16.Rae1 f5 17.Nd2 Nxd2 18.Bxg4 Qg5 19.Rxf5 Qxg4 20.Rxf8+ Nxf8 21.Bxc5 Ne6
22.Qxd2  1/2-1/2

[Event "18th TCh-CRO"]
[Site "Sibenik CRO"]
[Date "2009.09.26"]
[Round "6"]
[White "Cebalo,M"]
[Black "Brkic,A"]
[Result "0-1"]
[WhiteElo "2500"]
[BlackElo "2544"]

1.d4 e6 2.c4 Nf6 3.Nc3 Bb4 4.f3 O-O 5.a3 Bxc3+ 6.bxc3 Nh5 7.Nh3 f5 8.Bg5 Qe8
9.g4 fxg4 10.fxg4 Nf6 11.Qd3 d5 12.Bg2 Ne4 13.Bxe4 dxe4 14.Qxe4 Bd7 15.Rg1 Bc6
16.Qd3 Nd7 17.O-O-O e5 18.Bh4 e4 19.Qg3 Nb6 20.Qxc7 Qe6 21.d5 Qh6+ 22.Bg5 Qxh3
23.Rg3 Qxh2 24.dxc6 bxc6 25.Be7 Rfe8 26.Bd6 Nxc4 27.Qxc6 Qxe2 28.Rg2 Qxg2
29.Qxc4+ Kh8 30.Qd4 Rad8 31.Qxa7 e3 32.Qc7 e2 33.Re1 Qxg4  0-1

[Event "18th TCh-CRO"]
[Site "Sibenik CRO"]
[Date "2009.09.26"]
[Round "6"]
[White "Gyimesi,Z"]
[Black "Hracek,Z"]
[Result "0-1"]
[WhiteElo "2594"]
[BlackElo "2606"]

1.d4 Nf6 2.c4 e6 3.Nc3 Bb4 4.f3 O-O 5.a3 Bxc3+ 6.bxc3 Nh5 7.Nh3 f5 8.g3 d6
9.e4 fxe4 10.fxe4 Nf6 11.Bg2 e5 12.O-O Nc6 13.d5 Na5 14.Ng5 Qe7 15.Qd3 Nb3
16.Rb1 Nc5 17.Qc2 h6 18.Nf3 Nfxe4 19.Nh4 Rxf1+ 20.Kxf1 Ng5 21.Kg1 e4 22.Be3 Nh3+
23.Bxh3 Bxh3 24.Ng6 Qf6 25.Nf4 Bg4 26.Rf1 Rf8 27.Bxc5 dxc5 28.Qxe4 Qxc3 29.Ng6 Rxf1+
30.Kxf1 Qf3+ 31.Qxf3 Bxf3 32.Ne5 Bd1 33.Ke1 Ba4 34.Kd2 Kf8 35.Nd3 b6 36.Nf4 Bd7
37.Ke3 Bf5 38.Ne2 Ke7 39.Nc3 a6 40.a4 Kd6 41.h4 Ke5 42.Nd1 Bc2 43.Nb2 Bf5
44.Nd1 Bd7 45.Nb2 Kf5 46.Kf3 a5 47.Ke3 c6 48.Kf3 Ke5  0-1

[Event "LA Open"]
[Site "Los Angeles USA"]
[Date "2009.10.11"]
[Round "5"]
[White "Kretchetov,A"]
[Black "Kudryavtsev,V"]
[Result "1-0"]
[WhiteElo "2365"]
[BlackElo "2147"]

1.d4 Nf6 2.c4 e6 3.Nc3 Bb4 4.f3 d5 5.a3 Be7 6.e4 dxe4 7.fxe4 e5 8.d5 Bc5
9.Nf3 Ng4 10.Na4 Bf2+ 11.Ke2 Bh4 12.g3 Be7 13.h3 Nf6 14.Nc3 O-O 15.g4 c6
16.Kf2 cxd5 17.cxd5 h5 18.g5 Nh7 19.h4 Bg4 20.Bh3 f5 21.Kg2 Bc5 22.Rf1 Nd7
23.exf5 Bxf5 24.Bxf5 Rxf5 25.Ne4 Qb6 26.Qd3 Qg6 27.Qc4 b5 28.Qe2 Raf8 29.Ng3 R5f7
30.Qe4 Qxe4 31.Nxe4 g6 32.Bd2 Bd4 33.Bb4 Rc8 34.Nxd4 Rxf1 35.Rxf1 exd4 36.Nd6 Rd8
37.Nf7 Rc8 38.Nh6+ Kh8 39.Rf7 Nhf8 40.Kf1 Re8 41.Be7 d3 42.Bb4 a6 43.Bc3+ Ne5
44.d6 a5 45.Re7  1-0

[Event "ch-ChessClub A"]
[Site "Reykjavik ISL"]
[Date "2009.10.14"]
[Round "9"]
[White "Ragnarsson,J"]
[Black "Ptacnikova,L"]
[Result "0-1"]
[WhiteElo "2118"]
[BlackElo "2285"]

1.d4 Nf6 2.c4 e6 3.Nc3 Bb4 4.f3 O-O 5.e4 d5 6.e5 Nfd7 7.cxd5 exd5 8.a3 Bxc3+
9.bxc3 f6 10.exf6 Qxf6 11.Bd3 Nb6 12.Ne2 Bf5 13.Bf4 Qe7 14.O-O Nc6 15.Re1 Bxd3
16.Qxd3 Nc4 17.Bg3 Rae8 18.Qb1 N6a5 19.Nf4 Qd7 20.Qb4 b6 21.Nd3 Qf5 22.Ne5 c5
23.Qb5 Nxe5 24.Bxe5 Nc4 25.Bg3 Rxe1+ 26.Rxe1 cxd4 27.cxd4 Qf7 28.Bh4 Nxa3
29.Qc6 Nc4 30.Re7 Qf5 31.Qb7 Kh8 32.Rxg7 Qb1+ 33.Kf2 Nd6 34.Qc7 Ne4+ 35.Ke2 Qb2+
36.Kf1 Qb1+ 37.Ke2 Qa2+ 38.Kf1 Qa6+ 39.Ke1 Qa5+ 40.Kf1 Qb5+ 41.Ke1 Qb1+ 42.Ke2 Qa2+
43.Kf1 Qa1+ 44.Be1 Qxd4 45.Rxh7+ Kg8 46.Rh3 Qd3+ 47.Kg1 Qe3+ 48.Kf1 Qd3+
49.Kg1 Qe3+ 50.Kf1 Qd3+ 51.Kg1 Qe3+ 52.Kf1 Ng5 53.Rg3 Re8 54.Qc3  0-1

[Event "TCh-SLO East 1st League"]
[Site "Sentjur SLO"]
[Date "2009.10.22"]
[Round "1"]
[White "Frangez,S"]
[Black "Ivanec,D"]
[Result "1/2-1/2"]
[WhiteElo "2187"]
[BlackElo "2175"]

1.d4 Nf6 2.c4 e6 3.Nc3 Bb4 4.f3 d5 5.a3 Be7 6.e4 dxe4 7.fxe4 O-O 8.Nf3 c5
9.d5 exd5 10.cxd5 Bg4 11.Be2 Bd6 12.O-O Nbd7 13.Bg5 Bxf3 14.Rxf3 Bxh2+ 15.Kxh2 Ng4+
16.Kg3 Qxg5 17.Rf5 Qe3+ 18.Kxg4 h5+ 19.Kh4 g6 20.Rf3 Qh6 21.Qc1 Qg7 22.Kh3 Ne5
23.Rf2 f5 24.Qg5 Nf7 25.Qd2 fxe4 26.Nxe4 Qe5 27.Bd3 c4 28.Bc2 Qxb2 29.Raf1 Qxa3+
30.Kh2 Ne5 31.Qg5 Rxf2 32.Rxf2 Ng4+ 33.Kg1 Nxf2 34.Qxg6+ Kf8 35.Qf6+ Kg8
36.Qe6+ Kf8  1/2-1/2

[Event "Chigorin Mem Open"]
[Site "St Petersburg RUS"]
[Date "2009.10.24"]
[Round "9"]
[White "Ovod,E"]
[Black "Dushin,N"]
[Result "1-0"]
[WhiteElo "2447"]
[BlackElo "2090"]

1.d4 Nf6 2.c4 e6 3.Nc3 Bb4 4.f3 d5 5.a3 Bxc3+ 6.bxc3 h6 7.e4 c5 8.e5 Nfd7
9.cxd5 exd5 10.f4 cxd4 11.cxd4 O-O 12.Bd3 Nc6 13.Nf3 f5 14.h3 Nb6 15.Rg1 Nc4
16.Bxc4 dxc4 17.d5 Qa5+ 18.Kf2 Rd8 19.d6 Be6 20.g4 Rf8 21.g5 hxg5 22.Nxg5 Bf7
23.e6 Bg6 24.e7 Rf6 25.Be3 Re8 26.Re1 Nb8 27.d7 Nxd7 28.Qxd7 Rc6 29.Qxb7 Rc7
30.Qb4 Qxb4 31.axb4 Rexe7 32.Bc5 Red7 33.Red1 Bh5 34.Rxd7 Rxd7 35.Be3 g6
36.Rxa7 Rd1 37.Rc7 Kf8 38.Rxc4 Rb1 39.Bd4 Ke8 40.Be5 Rb3 41.Rc8+ Kd7 42.Rc7+ Ke8
43.Bf6 Rd3 44.Re7+  1-0

[Event "Russia Cup"]
[Site "St Petersburg RUS"]
[Date "2009.11.04"]
[Round "1.3"]
[White "Volkov,Sergey1"]
[Black "Melkumyan,H"]
[Result "1/2-1/2"]
[WhiteElo "2629"]
[BlackElo "2585"]

1.d4 Nf6 2.c4 e6 3.Nc3 Bb4 4.f3 d5 5.a3 Bxc3+ 6.bxc3 c5 7.cxd5 Nxd5 8.dxc5 Qa5
9.e4 Ne7 10.Be3 O-O 11.Qb3 Qc7 12.a4 Nd7 13.a5 Nc6 14.Bb5 Nxa5 15.Qa3 b6
16.Ne2 Bb7 17.O-O Rfc8 18.cxb6 axb6 19.Qe7 Nc5 20.Qxc7 Rxc7 21.Nd4 Rd8 22.Rab1 Rcc8
23.Rfc1 Nd7 24.Bg5 f6 25.Nxe6 fxg5 26.Nxd8 Rxd8 27.Rd1 Bc6 28.Rd6 Bxb5 29.Rxb5 Nb7
30.Rd2 h6 31.Rbd5 Nbc5 32.Rd6 Rc8 33.Rxd7 Nxd7 34.Rxd7 Rxc3 35.Rb7 Rb3 36.Kf2 Kh7
37.g4 Kg6 38.e5 Rb5 39.Re7 Rb3 40.h3 b5 41.Rb7 b4 42.Ke2 Rb1 43.Kd3 b3 44.Kc3 Rc1+
45.Kd4 Rd1+ 46.Kc4 Re1 47.Kd5 Re3 48.e6 Kf6 49.Rf7+ Kg6 50.Rf8 b2 51.Rb8 Kf6
52.Rxb2 Rxf3 53.Rd2 Ke7 54.Ke4 Rxh3 55.Kf5 Rf3+ 56.Kg6 Rf6+ 57.Kxg7 Rxe6
58.Rh2  1/2-1/2

[Event "Russia Cup"]
[Site "St Petersburg RUS"]
[Date "2009.11.04"]
[Round "1.2"]
[White "Volkov,Sergey1"]
[Black "Melkumyan,H"]
[Result "1/2-1/2"]
[WhiteElo "2629"]
[BlackElo "2585"]

1.d4 Nf6 2.c4 e6 3.Nc3 Bb4 4.f3 d5 5.a3 Bxc3+ 6.bxc3 c5 7.cxd5 Nxd5 8.dxc5 Qa5
9.e4 Ne7 10.Be3 O-O 11.Qb3 Qc7 12.a4 Nd7 13.a5 Nc6 14.Qa3 f5 15.Nh3 fxe4
16.fxe4 Nce5 17.Nf2 Ng6 18.Bb5 a6 19.Ba4 Nde5 20.O-O Nc4 21.Qc1 Bd7 22.Bb3 Bb5
23.Rd1 Qe5 24.Ng4 Qh5 25.h3 Nge5 26.Nxe5 Qxe5 27.Rd4 Nxe3 28.Qxe3 Rf6 29.Rad1 Raf8
30.Rd8 Rxd8 31.Rxd8+ Kf7 32.Rd1 Bc6 33.Re1 Qf4 34.Qd4 Qg3 35.Rd1 Kg6 36.Bc2 e5
37.Qd3 Qf2+ 38.Kh2 Kh6 39.Qd2+ Qxd2 40.Rxd2 Rf1 41.Rd6+ Kg5 42.Kg3 g6 43.h4+ Kh6
44.Rd1 Rxd1 45.Bxd1 Bxe4 46.Bf3 Bc6 47.Bxc6 bxc6 48.Kf3 Kg7 49.Ke4 Kf6 50.g4 h6
51.g5+ hxg5 52.hxg5+ Ke6 53.c4 Kd7 54.Kxe5 Ke7 55.Ke4  1/2-1/2

[Event "FSIM November"]
[Site "Budapest HUN"]
[Date "2009.11.07"]
[Round "1"]
[White "Toth,E"]
[Black "Szabo,Ben"]
[Result "1-0"]
[WhiteElo "2388"]
[BlackElo "2218"]

1.d4 Nf6 2.c4 e6 3.Nc3 Bb4 4.f3 d5 5.a3 Be7 6.e4 dxe4 7.fxe4 e5 8.d5 Bc5
9.Nf3 Bg4 10.h3 Bxf3 11.Qxf3 Nbd7 12.Bd3 O-O 13.Bd2 Bd4 14.Rb1 Ne8 15.Ne2 Nd6
16.g4 Nc5 17.Nxd4 exd4 18.O-O Qe7 19.Rbe1 f6 20.b4 Nd7 21.Qf2 Ne5 22.Qxd4 Ndf7
23.Bc2 Qd7 24.Bd1 h5 25.gxh5 Qxh3 26.Re3 Qd7 27.Rg3 Kh7 28.Be2 b6 29.Rf2 Rae8
30.Bf1 Qe7 31.c5 Ng5 32.Rf5 Nef7 33.Bd3 Kh8 34.Bxg5 Nxg5 35.d6 cxd6 36.cxd6 Qd8
37.d7 Ne6 38.Qd6 Re7 39.Bb5 Nc7 40.h6 Nxb5 41.hxg7+ Rxg7 42.Rh5+ Kg8 43.Qe6+ Rf7
44.Rxg7+ Kxg7 45.Rh7+ Kxh7 46.Qxf7+ Kh6 47.Qe8 Qc7 48.Qh8+ Kg6 49.Qg8+ Kh5
50.d8=Q Qc1+ 51.Kh2  1-0

[Event "TCh-SLO East 1st League"]
[Site "Sentjur SLO"]
[Date "2009.11.07"]
[Round "7"]
[White "Frangez,S"]
[Black "Kragelj,I"]
[Result "1/2-1/2"]
[WhiteElo "2187"]
[BlackElo "2216"]

1.d4 Nf6 2.c4 e6 3.Nc3 Bb4 4.f3 d5 5.a3 Bxc3+ 6.bxc3 c5 7.cxd5 Nxd5 8.dxc5 f5
9.Qb3 Nd7 10.c4 N5f6 11.Qb5 Qc7 12.Bd2 O-O 13.Rd1 Nxc5 14.Nh3 Bd7 15.Qa5 b6
16.Qc3 e5 17.Nf2 Rac8 18.Nd3 Ba4 19.Nxc5 Qxc5 20.Rc1 Rfd8 21.Qb4 Qc6 22.e3 Nd7
23.Qb2 Qd6 24.Bc3 Qc5 25.Bd2 Qd6 26.Bc3 Qc5 27.Bd2  1/2-1/2

[Event "British Rapidplay"]
[Site "Halifax ENG"]
[Date "2009.11.21"]
[Round "6"]
[White "Palliser,R"]
[Black "Pritchett,C"]
[Result "1-0"]
[WhiteElo "2435"]
[BlackElo "2303"]

1.d4 Nf6 2.c4 e6 3.Nc3 Bb4 4.f3 d5 5.a3 Bxc3+ 6.bxc3 c5 7.cxd5 exd5 8.e3 Bf5
9.Ne2 Qc7 10.g4 Bg6 11.Nf4 Nbd7 12.g5 Nh5 13.Nxd5 Qa5 14.Bb5 O-O-O 15.Qa4 Qxa4
16.Bxa4 Kb8 17.e4 f5 18.gxf6 Ndxf6 19.Nxf6 gxf6 20.Be3 f5 21.e5 f4 22.Bf2 c4
23.Kd2 Bf7 24.Bh4 Rdg8 25.Rhg1 Bd5 26.Ke2 Rg6 27.Bc2 Rb6 28.Rab1 Rxb1 29.Bxb1 Rg8
30.Rxg8+ Bxg8 31.Be4 Kc7 32.d5 b5 33.Bf2 a5 34.Bc5 Ng7 35.Kf2 Bf7 36.e6 Bg6
37.Bd4  1-0

[Event "British Rapidplay"]
[Site "Halifax ENG"]
[Date "2009.11.22"]
[Round "10"]
[White "Hawkins,Jo"]
[Black "Gordon,S"]
[Result "1/2-1/2"]
[WhiteElo "2383"]
[BlackElo "2527"]

1.d4 Nf6 2.c4 e6 3.Nc3 Bb4 4.f3 d5 5.a3 Bxc3+ 6.bxc3 c5 7.cxd5 Nxd5 8.dxc5 Qa5
9.e4 Ne7 10.Be3 O-O 11.Qb3 Qc7 12.Nh3 e5 13.Nf2 Nec6 14.Rb1 Na5 15.Qa4 Be6
16.Rb5 b6 17.Qb4 Nd7 18.Be2 Nb3 19.cxb6 axb6 20.O-O Ndc5 21.c4 Bd7 22.Bxc5 Nxc5
23.Rxb6 Ra4 24.Qb2 Rxa3 25.Qxa3 Qxb6 26.Qe3 Rc8 27.Nd3 Qb3 28.Kf2 Nxd3+ 29.Qxd3 Qb6+
30.Qe3 Qb2 31.Rd1 Be6 32.c5 h6 33.Rc1 Bd7 34.Qc3 Qa2 35.Rd1 Be6 36.Rd6 Qa7
37.Qxe5 Qxc5+ 38.Qxc5 Rxc5 39.Rd8+ Kh7 40.f4 g6 41.Bd3 Bc4 42.Ke3 Bxd3 43.Kxd3 Ra5
44.Rd7 Kg7 45.e5 Kf8 46.Ke4 Ra4+ 47.Kf3 h5 48.Ke3 Ra3+ 49.Rd3 Ra2 50.Kf3 Kg7
51.h3 Kf8 52.g3  1/2-1/2

[Event "UTD Invitational A"]
[Site "Dallas USA"]
[Date "2009.11.28"]
[Round "8"]
[White "Sadorra,J"]
[Black "Izoria,Z"]
[Result "0-1"]
[WhiteElo "2478"]
[BlackElo "2589"]

1.d4 Nf6 2.c4 e6 3.Nc3 Bb4 4.f3 Nc6 5.a3 Bxc3+ 6.bxc3 b6 7.e4 Ba6 8.e5 Ng8
9.Nh3 Na5 10.Qa4 Ne7 11.Bd3 Kf8 12.O-O d5 13.exd6 cxd6 14.Re1 Rc8 15.Nf4 Bxc4
16.Bxc4 Rxc4 17.Qb5 Qe8 18.a4 Qxb5 19.axb5 Rc7 20.Ra2 Ke8 21.Nh5 Rg8 22.Ba3 Kd7
23.Bb4 Nd5 24.Bxa5 bxa5 25.Rxa5 Nxc3 26.Kf2 Rb8 27.Nxg7 Rxb5 28.Rxb5 Nxb5
29.Ke3 Rc3+ 30.Ke4 Rc4  0-1

[Event "London Classic FIDE Open"]
[Site "London ENG"]
[Date "2009.12.12"]
[Round "6"]
[White "Cutmore,D"]
[Black "Taylor,Pe"]
[Result "0-1"]
[WhiteElo "2054"]
[BlackElo "2221"]

1.d4 Nf6 2.c4 e6 3.Nc3 Bb4 4.f3 c5 5.a3 Bxc3+ 6.bxc3 Nc6 7.e3 O-O 8.Bd3 b6
9.Nh3 Ba6 10.Qe2 Rc8 11.e4 d6 12.Be3 cxd4 13.cxd4 e5 14.d5 Na5 15.Rc1 Qc7
16.O-O Bxc4 17.Bxc4 Nxc4 18.a4 a6 19.Rc3 b5 20.axb5 axb5 21.Rb1 Qa5 22.Rcb3 Nxe3
23.Qxe3 Rc5 24.Nf2 Rb8 25.Qe2 Nd7 26.Nd3 Rc3 27.Qe1 Qb6+ 28.Qf2 Rxb3 29.Rxb3 Nc5
30.Rc3 Qa5 31.Qd2 b4 32.Rc1 Nb3  0-1

[Event "Tch-SLO League"]
[Site "Rogaska Slatina SLO"]
[Date "2009.12.12"]
[Round "3"]
[White "Zorko,Ju"]
[Black "Grosar,A"]
[Result "1-0"]
[WhiteElo "2443"]
[BlackElo "2416"]

1.d4 Nf6 2.c4 e6 3.Nc3 Bb4 4.f3 d5 5.a3 Bxc3+ 6.bxc3 c5 7.cxd5 Nxd5 8.dxc5 Qa5
9.e4 Ne7 10.Be3 O-O 11.Qb3 Nec6 12.Bb5 Qc7 13.Ne2 Nd7 14.O-O Na5 15.Qb4 Nc6
16.Bxc6 bxc6 17.Rfd1 e5 18.Qa4 Rb8 19.c4 Rb2 20.Ng3 Nb8 21.Rd6 Be6 22.Bd2 Qb7
23.Bc3 Qb3 24.Qxb3 Rxb3 25.Bxe5 Bxc4 26.Nf5 f6 27.Rd4 Rc3 28.Bd6 Re8 29.Rb1 Nd7
30.Ne7+ Kf7 31.Nxc6 Ne5 32.Rb7+ Kg6 33.Bxe5 fxe5 34.Rd6+ Kg5 35.Kf2 Rc2+
36.Kg3 Bf1 37.Rxg7+ Kh5 38.Rxh7+  1-0

[Event "Tata Steel TCh-Asia"]
[Site "Kolkata IND"]
[Date "2009.12.26"]
[Round "5"]
[White "Ganguly,S"]
[Black "Mahjoob,M"]
[Result "1-0"]
[WhiteElo "2654"]
[BlackElo "2510"]

1.d4 Nf6 2.c4 e6 3.Nc3 Bb4 4.f3 c5 5.d5 b5 6.e4 bxc4 7.Bxc4 Nxd5 8.Bxd5 exd5
9.Qxd5 Nc6 10.Ne2 Ba6 11.a3 Bxc3+ 12.Nxc3 Qb6 13.Kf2 c4+ 14.Kg3 O-O 15.Na4 Qa5
16.Nc5 Rfc8 17.Bd2 Qc7+ 18.Bf4 Qb6 19.Bd6 Rd8 20.Rac1 Bb5 21.h4 Na5 22.h5 h6
23.Rh4 Bc6 24.Qf5 Re8 25.Rc2 Ba4 26.Rd2 c3 27.Rg4 cxd2 28.Qf6 Qxd6+ 29.Qxd6 d1=Q
30.Qf6  1-0

[Event "26th Open"]
[Site "Geneva SUI"]
[Date "2009.12.27"]
[Round "2"]
[White "Khenkin,I"]
[Black "Bagri,J"]
[Result "1-0"]
[WhiteElo "2595"]
[BlackElo "2218"]

1.d4 Nf6 2.c4 e6 3.Nc3 Bb4 4.f3 d5 5.a3 Bxc3+ 6.bxc3 c5 7.cxd5 Nxd5 8.dxc5 Qa5
9.e4 Ne7 10.Be3 O-O 11.Qb3 Qc7 12.Nh3 Nd7 13.Qc4 Ne5 14.Qb5 N7c6 15.Be2 Bd7
16.f4 Na5 17.Qb4 Nec6 18.Qb1 Ne7 19.O-O Ba4 20.Ra2 Nb3 21.Bd1 Nxc5 22.Qb4 Bxd1
23.Qxc5 Qxc5 24.Bxc5 Bb3 25.Rb2 Bc4 26.Bxe7 Rfe8 27.Rxb7 Bxf1 28.Kxf1 Rec8
29.Bd6 Rxc3 30.Ng5 Rc1+ 31.Kf2 Rc2+ 32.Kg3 Rac8 33.Rxa7 f6 34.Nf3 Re2 35.e5 h5
36.Rc7 Ra8 37.Nd4 Re4 38.Nxe6 fxe5 39.Kf3 Re1 40.Rxg7+ Kh8 41.Bxe5 Rxa3+
42.Kf2 Rae3 43.Rg5+ Kh7 44.Nf8+  1-0

[Event "11th Christmas Open"]
[Site "Litomysl CZE"]
[Date "2009.12.28"]
[Round "3"]
[White "Cuhra,M"]
[Black "Hoffmann,Pau"]
[Result "0-1"]
[WhiteElo "2141"]
[BlackElo "2355"]

1.d4 Nf6 2.c4 e6 3.Nc3 Bb4 4.f3 c5 5.a3 Bxc3+ 6.bxc3 Qa5 7.Bd2 d6 8.e3 O-O
9.Bd3 Nbd7 10.Ne2 Nb6 11.O-O Qa6 12.Nf4 e5 13.Ne2 Be6 14.d5 Bxd5 15.cxd5 Qxd3
16.e4 Nc4 17.Bc1 Qxd1 18.Rxd1 b5 19.Bg5 Nd7 20.Rdb1 Rfb8 21.Ng3 f6 22.Bc1 g6
23.h4 a6 24.Nf1 Ndb6 25.g4 Na4 26.Rb3 Na5  0-1

[Event "39th Rilton Cup"]
[Site "Stockholm SWE"]
[Date "2009.12.28"]
[Round "2"]
[White "Kauppila,O"]
[Black "Brynell,S"]
[Result "0-1"]
[WhiteElo "2279"]
[BlackElo "2472"]

1.d4 Nf6 2.c4 e6 3.Nc3 Bb4 4.f3 d5 5.a3 Bxc3+ 6.bxc3 c6 7.Bg5 h6 8.Bh4 b6
9.cxd5 cxd5 10.e3 O-O 11.Bd3 Ba6 12.Ne2 Bxd3 13.Qxd3 Nbd7 14.O-O Qc7 15.e4 e5
16.Bg3 Rfe8 17.exd5 Nxd5 18.c4 N5f6 19.Nc3 Nh5 20.Nb5 Qd8 21.Rad1 Nxg3 22.hxg3 Nf6
23.d5 a6 24.Nc3 Qd6 25.Ne4 Nxe4 26.fxe4 Rec8 27.Rb1 Ra7 28.Qe3 Rb7 29.Rfc1 Rc5
30.Rb4 Rbc7 31.Rcb1 b5 32.cxb5 Rc3 33.Qf2 Qg6 34.g4 Rc1+ 35.Rxc1 Rxc1+ 36.Kh2 Qxg4
37.Qf3 Qh4+ 38.Qh3 Qf4+ 39.Qg3 Rh1+ 40.Kxh1 Qxg3 41.b6 Qxa3 42.Rb1 Qd6  0-1

[Event "85th Masters"]
[Site "Hastings ENG"]
[Date "2009.12.29"]
[Round "2"]
[White "Addison,B"]
[Black "Cafferty,B"]
[Result "1/2-1/2"]
[WhiteElo "2258"]
[BlackElo "2141"]

1.d4 e6 2.c4 Nf6 3.Nc3 Bb4 4.f3 c5 5.d5 Nh5 6.Nh3 Qh4+ 7.Nf2 Bxc3+ 8.bxc3 Qxc4
9.e4 Qxc3+ 10.Bd2 Qd4 11.Qc1 exd5 12.Bc3 Qa4 13.Qg5 O-O 14.Qxh5 d4 15.Bd2 d6
16.Be2 Be6 17.f4 f6 18.O-O Nc6 19.f5 Bf7 20.Qg4 Kh8 21.Qg3 Ne5 22.Bf4 c4
23.Qh4 d3 24.Bf3 Rad8 25.Ng4  1/2-1/2

[Event "Pan-American Intercollegiate"]
[Site "South Padre Island USA"]
[Date "2009.12.29"]
[Round "4"]
[White "Zivanic,M"]
[Black "Margvelashvili,G"]
[Result "1/2-1/2"]
[WhiteElo "2472"]
[BlackElo "2509"]

1.d4 Nf6 2.c4 e6 3.Nc3 Bb4 4.f3 d5 5.a3 Bxc3+ 6.bxc3 c6 7.e4 dxe4 8.fxe4 Nxe4
9.Qg4 Qa5 10.Ne2 Qf5 11.Qxg7 Qf2+ 12.Kd1 Qf6 13.Qxf6 Nxf6 14.Ng3 Nbd7 15.Bd3 b6
16.Rf1 Rg8 17.Ra2 Ba6 18.Re2 O-O-O 19.Kc2 h5 20.Rf4 Rg7 21.a4 Rh8 22.Ref2 h4
23.Nf1 Ng4 24.Rxf7 Nxf2 25.Rxg7 Nxd3 26.Kxd3 h3 27.gxh3 Rxh3+ 28.Rg3 Rh8
29.Bg5 e5 30.h4 exd4 31.cxd4 b5 32.Ne3 bxc4+ 33.Kc3 Nb6 34.Kb4 Kd7 35.Rf3 Rh7
36.Rf5 Bb7 37.Nxc4 Nxc4 38.Kxc4 Ba6+ 39.Kc5 Bd3 40.Rf8 Kc7 41.a5 Rd7 42.Bf4+ Kb7
43.Be5 Rd5+ 44.Kb4 c5+ 45.Kc3 Be2 46.Re8 Kc6 47.Re6+ Kb5 48.a6 Bg4 49.Rg6 Be2
50.Rg2 Bf3 51.Rf2 Bg4 52.Rb2+ Kxa6 53.Kc4 Be6 54.Kc3  1/2-1/2